000 00784nam a2200229 a 4500
001 000041765
005 20201002035736.0
008 130902s1985 sp a 000 0 spa d
020 _a843458168x
040 _aDO-SdBNP
_bspa
_cBNPHU
082 _axxx
_bxxx
100 1 _aWhite, Christopher
_968613
240 1 0 _aRembrandt and his wold
_lIngles
245 1 0 _aRembrandt /
_cChristopher White; prólogo, Josep Guinovart; traducción, Camila Batlles.
260 _aBarcelona :
_bSalvat,
_c1985.
300 _a205 p. :
_bil. ;
_c20 cm.
490 1 _aBiblioteca Salvat de grandes biografías
_v23
504 _aBibliografía p: 205
700 1 _aGuinovart, Josep
_eprol.
_968614
700 1 _aBatlles, Camila
_etrad.
_944604
830 0 _aBiblioteca Salvat de grandes biografías
_v23
_942025
999 _c41254
_d41254